| 000 | 00521nam a2200169Ia 4500 | ||
|---|---|---|---|
| 999 |
_c15935 _d15935 |
||
| 082 | _a343.097 SAC-; | ||
| 100 | _aSachdeva, G.S. | ||
| 245 | 0 | _aInternational transportation: law of carriage by air | |
| 260 |
_aNew Delhi _bDeep & Deep Publications _c1987 |
||
| 300 | _a328p. | ||
| 504 | _aIncludes index, bibliography | ||
| 650 | _aInternational relations | ||
| 650 | _aAeronautics,commercial - Law and legislation | ||
| 650 | _aAirlines - Management | ||
| 650 | _aTransportation - Law and legislation | ||
| 942 | _cBK | ||